Países que terminam com O - Statistics

Estatísticas Gerais
  • Esse quiz foi jogado 73 vezes
  • A pontuação média é 18 de 29
Estatísticas das Respostas
Países % Correto
Afeganistão
84%
Japão
84%
Paquistão
84%
México
82%
Egito
79%
Cazaquistão
75%
Uzbequistão
75%
Azerbaijão
74%
Quirguistão
74%
Turcomenistão
74%
Sudão
72%
Lesoto
67%
RD Congo
66%
Congo
64%
Vaticano
62%
Butão
61%
Togo
61%
Mônaco
59%
Reino Unido
59%
Gabão
56%
Kosovo
56%
Montenegro
54%
Líbano
51%
Luxemburgo
48%
Ilhas Salomão
39%
San Marino
39%
Tadjiquistão
39%
Trinidad e Tobago
36%
Burkina Faso
30%
Nenhum quiz correspondente encontrado
Distribuição das Pontuações
Porcentagem de Pessoas com Cada Pontuação
Percentil de Números Respondidos
Sua Pontuação Histórica
Você não jogou esse quiz